Experimentálne určenie biologického pôsobenia banských prachov a jeho význam pre monitorovanie rizika prašnosti v banskom pracovnom prostredí

Bibliographic Details
Main Author: Juck, Alfonz (Author)
Format: Article
Language:Slovak
Subjects:

MARC

LEADER 00000nab a2200000 a 4500
001 vtls000432869
003 SK-MaSNL
005 20260304023245.0
008 220422c1990 xo 0 slo
015 |a SNBRA19rr/mm-uuuuu 
035 |a CL0432997 
040 |a SNKBUCL  |b slo  |c SNKBUCL  |e AACR2 
041 0 |a slo 
044 |a xo  |c SK 
080 |a 622.872:616.24-003.6  |2 1981 
080 |a 616.24-003.6  |2 1981 
080 |a 616-093/-098  |2 1981 
100 1 |a Juck, Alfonz  |4 aut  |9 934326 
245 1 0 |a Experimentálne určenie biologického pôsobenia banských prachov a jeho význam pre monitorovanie rizika prašnosti v banskom pracovnom prostredí  |c Alfonz Juck 
650 0 7 |a bane  |2 snkbucl  |9 27434 
650 0 7 |a pracovné prostredie  |2 snkbucl  |9 1299 
650 0 7 |a prach banský  |2 snkbucl  |9 949433 
655 7 |a články zo zborníkov  |2 snkbucl  |9 166140 
773 0 |t Vplyv baníckej priemyselnej činnosti na životné prostredie  |d Košice : Dom techniky ZSVTS, 1990 
850 |a Slovenská národná knižnica v Martine  |a MTA001 
852 |a SNK  |b KIS3GCP 
958 |a RK 
958 |a ME 
992 |a RZB 
999 |c 2615421  |d 2617351